Analysis of soil nutrients in rubber plantations under stimulated tapping systems in Hainan (Record no. 54247)

MARC details
000 -LEADER
fixed length control field 01805nam a2200229Ia 4500
100 ## - MAIN ENTRY--AUTHOR NAME
Personal name Jun Wang
245 #0 - TITLE STATEMENT
Title Analysis of soil nutrients in rubber plantations under stimulated tapping systems in Hainan
260 ## - PUBLICATION, DISTRIBUTION, ETC. (IMPRINT)
Name of publisher Proceedings of IRRDB Conference: NR Industry: Responding to Globalization, 7-8 September 2004, Kunming International Convention & Exhibition Center, China. pp.171-175.
520 ## - SUMMARY, ETC.
Summary, etc It was analyzed that the soil nutrient contents of 164 soil samples of the rubber plantations under stimulated tapping systems on the main agrotypes in Hainan and it was discussed that the similarities and differences of the rubber plantation soil nutrient of the rubber plantations tapped for lon time under between stimulated tapping systems and traditional tapping systems. According to the result, there was an appraisement of the rubber plantation soil nutrients level now. Under stimulated tapping systems, a large proportion of soil nutient content such as the soil organic matter 60.91;, total N 54.55;, available phosphorus 90.72;, available potassium 62.14;of the all collected samples was lower than that the rubber tree needs, and the soil nutrient content level was discrepant in different agrotypes, and the soil nutrient content could tend to seclining with the timber under stimulated tapping systems. Those could manifest that the nutrient and material recycle of rubber tree itself was changed under stimulated tapping systems.
650 ## - SUBJECT ADDED ENTRY--TOPICAL TERM
Topical Term Rubber tree
650 ## - SUBJECT ADDED ENTRY--TOPICAL TERM
Topical Term Soil nutrient
650 ## - SUBJECT ADDED ENTRY--TOPICAL TERM
Topical Term Stimulated tapping systems
700 ## - ADDED ENTRY--PERSONAL NAME
Personal name Guishui Xie
700 ## - ADDED ENTRY--PERSONAL NAME
Personal name Junming Chen
700 ## - ADDED ENTRY--PERSONAL NAME
Personal name Jusheng Jiang
700 ## - ADDED ENTRY--PERSONAL NAME
Personal name Suitong Wang
700 ## - ADDED ENTRY--PERSONAL NAME
Personal name Weifu Lin
700 ## - ADDED ENTRY--PERSONAL NAME
Personal name Zhenhui Wang
700 ## - ADDED ENTRY--PERSONAL NAME
Personal name Zhiwei Liu
942 ## - ADDED ENTRY ELEMENTS (KOHA)
Koha item type Journals
Holdings
Withdrawn status Lost status Damaged status Not for loan Home library Current library Shelving location Date acquired Koha item type
      Journals RRII Library RRII Library Soils and agonomy 17/12/2021 Journals